|
|
|
|
| LEADER |
00782nab a2200229 i 4500 |
| 001 |
misc61030 |
| 005 |
20221017133958.0 |
| 008 |
220622s1938 hu o 0|| ger d |
| 040 |
|
|
|a SZTE Miscellanea Repozitórium
|b hun
|
| 041 |
|
|
|a ger
|
| 100 |
1 |
|
|a Malán Mihály
|
| 245 |
1 |
4 |
|a Zur Augen- und Haarfarbe der Ungarn
|h [elektronikus dokumentum] /
|c Malán Mihály
|
| 260 |
|
|
|a Schweizerbart
|b Stuttgart
|c 1938
|
| 300 |
|
|
|a 99-105
|c 24 cm
|
| 300 |
|
|
|a [7] p.
|c 24 cm
|
| 490 |
0 |
|
|a Verhandlungen der Deutschen Gesellschaft für Rassenforschung
|
| 561 |
|
|
|a Németh Gyula hagyaték
|
| 591 |
|
|
|a NOV 3387
|
| 650 |
|
4 |
|a Társadalomtudományok
|
| 650 |
|
4 |
|a Szociológia
|
| 695 |
|
|
|a Embertan - magyarok
|
| 856 |
4 |
0 |
|u http://misc.bibl.u-szeged.hu/61030/1/3387_nov_m24.pdf
|z Dokumentum-elérés
|